Joe Johnston Filmography! - Statistics

General Stats
  • This quiz has been taken 14 times
    2 since last reset
  • The average score is 10 of 24
Answer Stats
Year Movie % Correct
2011 Captain America: The First Avenger
100%
1995 Jumanji
100%
2001 Jurassic Park III
100%
1994 The Pagemaster
100%
1991 The Rocketeer
100%
1989 Always
50%
1987 *batteries not included
50%
2004 Hidalgo
50%
1989 Honey, I Shrunk the Kids
50%
2014 Not Safe for Work
50%
1999 October Sky
50%
1999 The Iron Giant
50%
2018 The Nutcracker and the Four Realms
50%
2010 The Wolfman
50%
1988 Willow
50%
1978 Battlestar Galactica
0%
1984 Caravan of Courage: The Ewok Adventure
0%
1985 Ewoks: The Battle for Endor
0%
1986 Howard the Duck
0%
1984 Indiana Jones and the Temple of Doom
0%
1981 Raiders of the Lost Ark
0%
1977 Star Wars: Episode IV - A New Hope
0%
1983 Star Wars: Episode VI - Return of the Jedi
0%
1980 Star Wars: Episode V - The Empire Strikes Back
0%
No matching quizzes found
Score Distribution
Percent of People with Each Score
Percentile by Number Answered
Your Score History
You have not taken this quiz since the last reset